000 00227nam a2200085 4500
001 1257631
005 20260217114633.0
245 _aCUMHURİYET ÖNCESİ YAZARLARDAN ÇOCUKLARA HİKAYELER
_cMEHMET SEYDA
260 _bBİLGE YAYINLARI
999 _c1257631
_d1257631